Relaxačná hudba výberová odporúčajúca bibliografia z fondov Kysuckej knižnice v Čadci

Bibliographic Details
Other Authors: Bezegová, Magdaléna (Compiler)
Format: Book
Language:Slovak
PhysicalDescription:36 strán 21 cm
Published: Čadca Kysucká knižnica 2002
Subjects:

MARC

LEADER 00000cam a2200000 a 4500
001 vtls001447848
003 SK-MaSNL
005 20260302072918.0
008 240226s2002 xo grbn 001 0 slo
015 |a SNBSAB2002-00108 
035 |a SNK000403111 
035 |a urn:nbn:sk:snk-am3iqdw 
035 |a 4AC776A0-D9D3-4FDA-B4D0-7DA03707E748 
035 |a urn:nbn:sk:snk-am00fdxj 
040 |a SNK  |b slo  |c SNK  |e AACR2 
041 0 |a slo 
043 |a e-xo--- 
044 |a xo  |c SK 
072 7 |a 78  |x Hudba  |2 konspekt 
072 7 |a 01  |x Bibliografia. Katalógy  |2 konspekt 
072 7 |a 026/027  |x Knižnice  |2 konspekt 
080 |a 78.07:786/789:027.5:015(437.645)  |2 1981 
080 |a 786/789  |2 1981 
080 |a 027.5  |2 1981 
080 |a 015  |2 1981 
080 |a 78  |2 2011 
080 |a (01)  |2 2011 
080 |a (01)-048.58  |2 2011 
080 |a 01:028.2/.8  |2 2001 
080 |a 027.53(1-3)  |2 2001 
080 |a 025  |2 2011 
245 0 0 |a Relaxačná hudba  |b výberová odporúčajúca bibliografia z fondov Kysuckej knižnice v Čadci  |c [zostavila: Magdaléna Bezegová ; zodpovedná redaktorka: Janka Mudríková] 
260 |a Čadca  |b Kysucká knižnica  |c 2002 
300 |a 36 strán  |c 21 cm 
500 |a Údaj o zostavovateľovi prevzatý z tiráže 
500 |a Usporiadanie abec. a temat. 274 zázn. s predm. heslom o CD, hudobných nosičoch v rôznych jaz. 
500 |a Vydala Kysucká knižnica, Čadca 
504 |a Obsahuje bibliografické odkazy a register 
610 2 7 |a Kysucká knižnica (Čadca, Slovensko)  |2 SNKKA  |9 32741 
650 0 7 |a relaxačná hudba  |2 SNKPH  |9 106152 
650 0 7 |a meditatívna hudba  |2 SNKPH  |9 718702 
650 0 7 |a hudba  |2 SNKPH  |9 1063 
650 0 7 |a okresné knižnice  |2 SNKPH  |9 64389 
650 0 7 |a knižničné fondy  |2 SNKPH  |9 1300 
655 7 |a výberové bibliografie  |2 SNKPH  |9 70561 
655 7 |a bibliografie  |2 SNKPH  |9 28668 
655 7 |a odporúčajúce bibliografie  |2 SNKPH  |9 74934 
655 7 |a neperiodické bibliografie  |2 SNKPH  |9 60408 
700 1 |a Mudríková, Janka,  |d 1962-  |4 lso  |9 229681 
700 1 |a Bezegová, Magdaléna  |4 com  |9 452754 
710 2 |a Kysucká knižnica (Čadca, Slovensko)  |4 pbl  |9 32741 
958 |a RM 
958 |a SF 
958 |a TL 
958 |a NB 
958 |a KL 
958 |a OND 
999 |c 1158650  |d 1160580 
952 |t P60, <03>, [BOOK], {603}  |a SNK  |b SNK  |y PREZ  |7 0  |p 17A0371437  |o snkSC 110381  |i snkKSP 578/2003  |0 0  |1 0  |4 0  |d 2003-01-16  |f 1  |l 0  |r 2025-09-30 00:00:00  |w 2026-02-24